| Tag |
First Indicator |
Second Indicator |
Subfields |
| LEADER |
00000cam a22000005a 4500 |
| 001 |
in00000531621 |
| 005 |
20191012063508.0 |
| 008 |
831019s1983 it a b 00010 eng d |
| 020 |
|
|
|a 9251013020
|
| 035 |
|
|
|a (OCoLC)10032609
|
| 035 |
|
|
|9 ACH4284AM
|
| 040 |
|
|
|a AGL
|c AGL
|d OCL
|d TXA
|d UtOrBLW
|
| 049 |
|
|
|a TXAM
|c [1390475]
|
| 070 |
|
|
|a S1.A323
|b no.54
|
| 072 |
|
0 |
|a P120
|
| 090 |
|
|
|a TP360
|b .S768 1983
|
| 100 |
1 |
|
|a Stout, Bill A.,
|d 1932-
|
| 245 |
1 |
0 |
|a Biomass energy profiles /
|c by B.A. Stout.
|
| 264 |
|
1 |
|a Rome :
|b Food and Agriculture Organization of the United Nations,
|c 1983.
|
| 300 |
|
|
|a x, 132 pages :
|b illustrations ;
|c 30 cm.
|
| 336 |
|
|
|a text
|b txt
|2 rdacontent
|
| 337 |
|
|
|a unmediated
|b n
|2 rdamedia
|
| 338 |
|
|
|a volume
|b nc
|2 rdacarrier
|
| 490 |
1 |
|
|a FAO agricultural services bulletin ;
|v 54
|
| 504 |
|
|
|a Bibliography: pages 102-112.
|
| 650 |
|
0 |
|a Biomass energy.
|
| 830 |
|
0 |
|a FAO agricultural services bulletin ;
|v 54.
|
| 999 |
|
|
|a MARS
|
| 999 |
f |
f |
|s e49a5aaa-5b25-3bed-a7b0-5fcd333bf5bf
|i f30d9ab2-2cc2-323e-af12-211a5fbfa5d0
|t 0
|
| 952 |
f |
f |
|p normal
|a Texas A&M University
|b College Station
|c Sterling C. Evans Library
|d Evans: Library Stacks
|t 0
|e TP360 .S768 1983
|h Library of Congress classification
|i unmediated -- volume
|m A14808805639
|
| 998 |
f |
f |
|a TP360 .S768 1983
|t 0
|l Evans: Library Stacks
|